Formula 1: Drivers Who Beat Them - Max Verstappen - Statistics

General Stats
  • This quiz has been taken 55 times
  • The average score is 11 of 12
Answer Stats
Beat them in Answer Nationality Teams % Correct
2025 Lando Norris UK McLaren
100%
2015-2020 Lewis Hamilton UK Mercedes
100%
2015-2018 Sebastian Vettel Germany Ferrari
98%
2015-2017 Daniel Ricciardo Australia Red Bull
96%
2015, 2017-2018 Kimi Räikkönen Finland Ferrari
96%
2015 Sergio Pérez Mexico Force India
96%
2015, 2017, 2019-2020 Valtteri Bottas Finland Mercedes
96%
2015-2016 Nico Rosberg Germany Mercedes
94%
2015 Daniil Kvyat Russia Red Bull
90%
2015 Felipe Massa Brazil Williams
90%
2015 Nico Hülkenberg Germany Force India
79%
2015 Romain Grosjean France Lotus
73%
No matching quizzes found
Score Distribution
Percent of People with Each Score
Percentile by Number Answered
Your Score History
You have not taken this quiz